Nutrición animal
Guardat en:
| Autor principal: | |
|---|---|
| Format: | Llibre |
| Idioma: | espanyol |
| Publicat: |
Zaragoza
Acribia
1989
|
| Matèries: | |
| Etiquetes: |
Afegir etiqueta
Sense etiquetes, Sigues el primer a etiquetar aquest registre!
|
MARC
| LEADER | 00000nam a2200000 a 4500 | ||
|---|---|---|---|
| 001 | UCS3414 | ||
| 003 | CL-VaPUC | ||
| 008 | 970620e19890000SP |||||||||||||||||spa|d | ||
| 082 | 0 | 4 | |a 591.132 |b BON |2 21 |
| 100 | 0 | |a Bondi, Aron A |e author |9 389502 | |
| 245 | 1 | 0 | |a Nutrición animal |
| 300 | |a 546 p | ||
| 942 | |c BK | ||
| 945 | |d 19970620 00:00:00 |a rbrito | ||
| 260 | |a Zaragoza |b Acribia |c 1989 | ||
| 650 | 0 | |a Nutrición animal |9 389503 | |
| 650 | 0 | |a Alimentos para animales |9 389504 | |
| 650 | 0 | |a Aparato digestivo |9 269553 | |
| 650 | 0 | |a Animales |9 269820 | |
| 650 | 7 | |a CARBOHIDRATOS |2 CL-VaPUC |9 306793 | |
| 650 | 7 | |a PROTEINAS |2 CL-VaPUC |9 389505 | |
| 650 | 7 | |a METABOLISMO ANIMAL |2 CL-VaPUC |9 372835 | |
| 583 | |a last modification |c 19970620 00:00:00 |k Rodrigo Vera | ||
| 999 | |c 261126 |d 261124 | ||
| 952 | |0 0 |1 0 |4 0 |6 591_132000000000000_BON_1989 |7 0 |8 A |9 288275 |a BIBAGR |b BIBAGR |d 2019-11-19 |i 334343K |o 591.132 BON 1989 |p 334343K |r 2025-01-20 |w 2019-11-19 |y BK |k AGR | ||
| 952 | |0 0 |1 0 |4 0 |6 591_132000000000000_BON_1989 |7 0 |8 A |9 288277 |a BIBAGR |b BIBAGR |d 2019-11-19 |i 3356892 |o 591.132 BON 1989 |p 3356892 |r 2025-01-20 |w 2019-11-19 |y BK |k AGR | ||